01349nas a2200277Ia 4500001001100000003000900011008004100020040001300061040001300074041001300087100003800100210003000138222003000168245011700198250001100315260004900326501008600375300002600461310001200487362003500499500026000534650003600794942000700830999001900837952021500856R031/20704IT-RoPAU151124c99999999xx |||||||||||| ||und|| aIT-RoPAU cIT-RoPAU aITALIANO aAA.VV. gCodice Aut. SPICS: 12000 aRIVISTA DEL CINEMATOGRAFO aRivista Del Cinematografo aRIVISTA DEL CINEMATOGRAFO, ANNO 27-N.11 (NOVEMBRE 1954)bRivista Del Cinematografo, Anno 27-N.11 (Novembre 1954) a1a ed. aROMAbCENTRO CATTOLICO CINEMATOGRAFICOc1954 bPaulus - SPICS - Società San Paolo EM (non-commercial uses only)cCopyright2015 a36 p., prefazione [6] aMENSILE aANNO 027, N.11 (NOVEMBRE 1954) aRealismo Umano e Realismo Cristiano. Riflessioni Sul Cinema di Vittorio Desica con Sua Filmografia. Riflessioni Sulla Televisione. Ampia Schiarita Sui Film della Montagna nella Rassegna Internazionale di Trento. Arte dell'Attore: Fotogenia e Fonogenia. Le aCINEMAvPUBBLICAZIONE PERIODICA cCR c152000d152000 0010406R_031_20704000000000071aSPICSbSPICSd2015-11-25l0oR031/20704r2015-11-25 00:00:00w2015-11-25yCRzProgr. Ins: 33744 / Copia rara: NO / date import: 25.11.2015 / By Epidotti, Trombetti, Vaglietti